| 000 | 01348cam a22003374a 4500 | ||
|---|---|---|---|
| 001 | 13938672 | ||
| 003 | OSt | ||
| 005 | 20160602140346.0 | ||
| 008 | 050422s2005 vaua b 001 0 eng | ||
| 010 | _a 2005011776 | ||
| 020 | _a1416600507 (alk. paper) | ||
| 040 |
_aDLC _cDLC _dDLC |
||
| 042 | _apcc | ||
| 043 | _an-us--- | ||
| 050 | 0 | 0 |
_aLB 1628.5 _b.T66 2005 |
| 082 | 0 | 0 |
_aGLT 373.19 _bT59 2005 |
| 100 | 1 |
_aTomlinson, Carol A. _922437 |
|
| 245 | 1 | 0 |
_aDifferentiation in practice : _ba resource guide for differentiating curriculum, grades 9-12 / _cCarol Ann Tomlinson [and] Cindy A. Strickland. |
| 260 |
_aAlexandria, VA : _bAssociation for Supervision and Curriculum Development, _c2005. |
||
| 300 |
_a369 p. : _bill. ; _c25 cm. |
||
| 500 | _aIncludes bibliographical references and index. | ||
| 650 | 0 |
_aEducation, Secondary _xCurricula _zUnited States. _922479 |
|
| 650 | 0 |
_aCurriculum planning _zUnited States. _922480 |
|
| 650 | 0 |
_aIndividualized instruction _zUnited States. _922481 |
|
| 700 | 1 |
_aStrickland, Cindy A., _d1959- _922482 |
|
| 856 | 4 | 1 |
_3Table of contents _uhttp://www.loc.gov/catdir/toc/ecip0511/2005011776.html |
| 906 |
_a7 _bcbc _corignew _d1 _eecip _f20 _gy-gencatlg |
||
| 942 |
_2lcc _cBK |
||
| 999 |
_c12536 _d12536 |
||